| 000 | 00375nam a2200133Ia 4500 | ||
|---|---|---|---|
| 008 | 230801s9999||||xx |||||||||||||| ||und|| | ||
| 020 | _a9781455522231 | ||
| 082 |
_a158 _bM4651 |
||
| 100 | _aMaxwell, John C | ||
| 245 | 4 | _aThe 15 invaluable laws of growth: live them and reach your potential | |
| 260 |
_aNew York _bCenter Street _c2012 |
||
| 300 | _axiv, 265 p. | ||
| 942 | _cBK | ||
| 999 |
_c27080 _d27080 |
||